Experiments in polymer science / (Record no. 13823)

MARC details
000 -LEADER
fixed length control field 01102nam a22002897i 4500
003 - CONTROL NUMBER IDENTIFIER
control field EG-ScBUE
005 - DATE AND TIME OF LATEST TRANSACTION
control field 20251207101424.0
008 - FIXED-LENGTH DATA ELEMENTS--GENERAL INFORMATION
fixed length control field 100329s2009 ii a f b 00010 eeng d
020 ## - INTERNATIONAL STANDARD BOOK NUMBER
International Standard Book Number 9788122423884
040 ## - CATALOGING SOURCE
Original cataloging agency EG-ScBUE
Language of cataloging eng
Description conventions rda
Transcribing agency EG-ScBUE
Modifying agency EG-ScBUE
082 04 - DEWEY DECIMAL CLASSIFICATION NUMBER
Edition number 22
Classification number 547.84028
Item number EXP
245 00 - TITLE STATEMENT
Title Experiments in polymer science /
Statement of responsibility, etc D. G. Hundiwale, Director, School of Chemical Sciences, North Maharashtra University, Jalgaon, [and three others]
246 30 - VARYING FORM OF TITLE
Title proper/short title Polymer science
250 ## - EDITION STATEMENT
Edition statement First edition.
264 #1 - PUBLICATION, DISTRIBUTION, ETC. (IMPRINT)
Place of publication, distribution, etc New Delhi :
Name of publisher, distributor, etc New Age International (P) Limited, Publishers,
Date of publication, distribution, etc 2009.
300 ## - PHYSICAL DESCRIPTION
Extent xviii, 184 pages :
Other physical details illustrations ;
Dimensions 24 cm
336 ## - CONTENT TYPE
Source rdacontent
Content type term text
Content type code txt
337 ## - MEDIA TYPE
Media type term unmediated
Source rdamedia
Media type code n
338 ## - CARRIER TYPE
Carrier type term volume
Carrier type code nc
Source rdacarrier
500 ## - GENERAL NOTE
General note Includes Appendices.<br/>
504 ## - BIBLIOGRAPHY, ETC. NOTE
Bibliography, etc Includes bibliographical references and index.<br/>
650 #7 - SUBJECT ADDED ENTRY--TOPICAL TERM
9 (RLIN) 13282
Topical term or geographic name as entry element Polymers
General subdivision Laboratory manuals.
Source of heading or term BUEsh
650 #7 - SUBJECT ADDED ENTRY--TOPICAL TERM
9 (RLIN) 13281
Topical term or geographic name as entry element Polymerization
General subdivision Labortory manuals.
Source of heading or term BUEsh
655 ## - INDEX TERM--GENRE/FORM
Form subdivision Reading book
700 1# - ADDED ENTRY--PERSONAL NAME
9 (RLIN) 13283
Personal name Hundiwale, D. G.,
Relator term author.
942 ## - ADDED ENTRY ELEMENTS (KOHA)
Source of classification or shelving scheme Dewey Decimal Classification
Koha item type Book - Borrowing
Holdings
Withdrawn status Lost status Source of classification or shelving scheme Damaged status Not for loan Collection code Home library Current library Shelving location Date acquired Source of acquisition Cost, normal purchase price Serial Enumeration / chronology Total Checkouts Full call number Barcode Date last seen Date checked out Price effective from Koha item type
    Dewey Decimal Classification     Alahram Central Library Central Library First floor 29/03/2010 Purchase 49.00 39 1 547.84028 EXP 000020540 15/07/2025 18/12/2022 29/03/2010 Book - Borrowing